000
00307nam a2200121Ia 4500
008
190216s9999||||xx |||||||||||||| ||und||
100
_a
Alice Magenis & John Conrad Appel
245
0
_a
History Of The World
260
_b
Eurasia Pub-Ltd
_c
1963
300
_a
592p
650
_a
World History
942
_c
BK
999
_c
18666
_d
18666